000 00773nam a2200241Ia 4500
001 8757
003 GE_BSU
008 181216s||||||||xx |||||||||||||| ||und||
040 _cGE_BSU
080 _a821.353.1-1
100 _aიმედაძე, გრიგოლ
245 _aპოეტის დაბადება
245 _bლექსები
245 _cრედ. ვ. ჯავახაძე, მხატვ. ა. კანდელაკი
260 _aთბილისი.
260 _bსაბჭ.საქართველო
260 _c1958
300 _a108გვ. 20 სმ.
300 _b1ფ. პორტრ,
653 _aლექსები
653 _aპოეტის დაბადება
942 _cBK
999 _c42067
_d42067